000 00309nam a2200133Ia 4500
005 20260328104318.0
008 260328s9999||||xx |||||||||||||| ||und||
100 _aHinrichs, Kit
245 0 _aTypewise /
_cKit Hinrichs
260 _bNorth Light Books
300 _a160 p.
650 _aREVISTAS
942 _cBK
999 _c11227
_d11227